| 000 | 00840nam a22002057a 4500 | ||
|---|---|---|---|
| 003 | BR-ViAPE | ||
| 005 | 20260505115433.0 | ||
| 008 | 260505s1969 por gs||||s000 0 por d | ||
| 040 | _cBR-ViAPE | ||
| 110 |
_aEspírito Santo _bEstado |
||
| 245 |
_aUm Estado em marcha para o desenvolvimento: _bgoverno Christiano Dias Lopes Filho v.2 |
||
| 250 | _avolume 2 | ||
| 260 |
_a[s.n.] _b[s.l.] _c1969 |
||
| 300 |
_a165 p. _bDocumento digitalizado (PDF) |
||
| 500 | _aDocumento digitalizado do acervo institucional do Arquivo Público do Estado do Espírito Santo - APEES. | ||
| 650 |
_aAdministração pública _zEspírito Santo |
||
| 651 |
_aEspírito Santo _xAdministração pública |
||
| 856 |
_uhttps://ape.es.gov.br/Media/ape/PDF/Mensagens/Mensagem-2024/mensagem%201969-1.pdf _yCLIQUE AQUI PARA ACESSAR O DOCUMENTO |
||
| 942 |
_2ddc _cMSGREL _n1 |
||
| 999 |
_c586 _d586 |
||